[Event "FISU World University"]
[Site "Tornelo INT"]
[Date "2020.10.27"]
[Round "5.35"]
[White "Jayaweera, KPCDB"]
[Black "Sole, Michael D"]
[Result "1/2-1/2"]
[WhiteElo "1576"]
[BlackElo "1805"]
[PlyCount "63"]
[EventDate "2020.10.26"]
[EventType "team-swiss (rapid)"]
[EventRounds "9"]
[EventCountry "NET"]
[SourceTitle "CBM 199 Extra"]
[Source "ChessBase"]
[SourceDate "2021.01.31"]
[SourceVersion "1"]
[SourceVersionDate "2021.01.31"]
[SourceQuality "1"]
[WhiteTeam "Sri Lanka IV"]
[BlackTeam "New Zealand"]
[WhiteTeamCountry "SRI"]
[BlackTeamCountry "NZL"]

1. d4 Nf6 2. c4 e6 3. Nc3 Bb4 4. e3 0-0 5. Bd3 d5 6. Nf3 dxc4 7. Bxc4 b6 8. 0-0 Bb7 9. Bd2 Nbd7 10. a3 Bd6 11. Nb5 a6 12. Nxd6 cxd6 13. Qe2 Ne4 14. Rac1 b5 15. Bd3 Ndf6 16. Rc2 Qb6 17. Rfc1 Rac8 18. Qe1 Qa7 19. Rxc8 Rxc8 20. Rxc8+ Bxc8 21. Qc1 Qb8 22. Bb4 Bb7 23. Qc2 Qc8 24. Qxc8+ Bxc8 25. Nd2 Nxd2 26. Bxd2 Bb7 27. Bb4 d5 28. Kf1 Nd7 29. Ke2 f6 30. Kd2 e5 31. dxe5 fxe5 32. Bf5 1/2-1/2